Proyecto, construcción y conservación de alcantarrillas

Guardado en:
書目詳細資料
主要作者: Cornero , Gullermo A
其他作者: Venezia, Mario J, Cornero, Gustavo A
格式: 圖書
語言:Spanish
出版: Argentina: UNR 1996
主題:
標簽: 添加標簽
沒有標簽, 成為第一個標記此記錄!

MARC

LEADER 00000nam a2200000Ia 4500
003 002034
005 20221231143950.0
008 140114s1996 ag a 000 ||spa d
040 |c cru CEDI 
082 |a 625.734 C815p 
100 |a Cornero , Gullermo A  |9 21160 
245 |a Proyecto, construcción y conservación de alcantarrillas 
260 |a Argentina: UNR  |c 1996 
300 |a 133 páginas  |b Fotocopia 
648 |x DISEÑO Y CONSTRUCCION   |x ALCANTARILLAS  |9 21163 
700 |9 21161  |a Venezia, Mario J 
700 |9 21162  |a Cornero, Gustavo A 
942 |2 ddc  |c BK 
999 |c 14918  |d 14918